| 000 | 00965nam a22002177a 4500 | ||
|---|---|---|---|
| 999 |
_c58258 _d58258 |
||
| 003 | Ge_BSU | ||
| 005 | 20211012111916.0 | ||
| 008 | 211012s2021 ge ||||| |||| 00| 0 geo d | ||
| 020 | _a9789941836466 | ||
| 041 | _ageo | ||
| 080 | _a342.565.2 ლ-80 | ||
| 100 |
_aლოლაძე, ბესიკ _98130 |
||
| 245 |
_aსაკონსტიტუციო მართლმსაჯულება / _cბესიკ ლოლაძე, ზურაბ მაჭარაძე და ანა ფირცხალაშვილი. |
||
| 264 |
_aთბილისი : _c2021. |
||
| 300 |
_a500 გვ. _b24 სმ. |
||
| 653 | _aსაკონსტიტუციო მართლმსაჯულება | ||
| 653 | _aსამართალი | ||
| 700 |
_aმაჭარაძე, ზურაბ _eავტორი _98184 |
||
| 700 |
_aფირცხალაშვილი, ანა _eავტორი _98126 |
||
| 942 |
_2udc _cBK |
||